| 000 | 00740nam a22002055i 4500 | ||
|---|---|---|---|
| 001 | 169018 | ||
| 003 | ES-MaACL | ||
| 005 | 20230906213949.0 | ||
| 008 | 080728q1880 fr |||| | fre d | ||
| 080 | _a782.089.6 | ||
| 100 | 1 |
_aLalo, Édouard. _9138117 |
|
| 245 | 1 | 3 |
_aLe roi d'Ys [ _hMúsica impresa] _b: légende bretonne : opéra en 3 actes & 5 tableaux / _cpoème de Édouard Blau ; musique de Ed. Lalo. |
| 260 |
_aParis : _bG. Hartmann & Cie., _c[ca. 1880] |
||
| 300 |
_a1 partitura vocal (231 p.) ; _c29 cm. |
||
| 650 | 4 |
_aÓperas- _xPartituras vocales. _9137997 |
|
| 700 | 1 |
_aBlau, Édouard. _9138118 |
|
| 852 | 4 |
_aES-MaACL _jL-29283 _z- Biblioteca Jacinto Martínez Lacalle |
|
| 942 | _2udc | ||
| 999 |
_c169018 _d169018 |
||